Theoriebildung und Empirische Forschung Im Systemvergleich.

Bibliographic Details
Main Author: Schüller, Alfred.
Format: eBook
Language:German
Published: Berlin : Duncker & Humblot, 1987.
Edition:1st ed.
Series:Schriften des Vereins Für Socialpolitik Series
Subjects:
Online Access:Click to View
LEADER 03605nam a22003973i 4500
001 EBC7101050
003 MiAaPQ
005 20240729202203.0
006 m o d |
007 cr cnu||||||||
008 240729s1987 xx o ||||0 ger d
020 |a 9783428462834  |q (electronic bk.) 
020 |z 9783428062836 
035 |a (MiAaPQ)EBC7101050 
035 |a (Au-PeEL)EBL7101050 
035 |a (OCoLC)1347027709 
040 |a MiAaPQ  |b eng  |e rda  |e pn  |c MiAaPQ  |d MiAaPQ 
100 1 |a Schüller, Alfred. 
245 1 0 |a Theoriebildung und Empirische Forschung Im Systemvergleich. 
250 |a 1st ed. 
264 1 |a Berlin :  |b Duncker & Humblot,  |c 1987. 
264 4 |c {copy}1987. 
300 |a 1 online resource (110 pages) 
336 |a text  |b txt  |2 rdacontent 
337 |a computer  |b c  |2 rdamedia 
338 |a online resource  |b cr  |2 rdacarrier 
490 1 |a Schriften des Vereins Für Socialpolitik Series 
505 0 |a Intro -- Vorwort -- Inhaltsverzeichnis -- Karl-Hans Hartwig, Münster: Konzeptionen des Systemvergleichs: Gegenstand, Methoden und wissenschaftstheoretische Standards -- 1. Vorbemerkung -- 2. Gegenstand und Methoden des Systemvergleichs -- 3. Die Bewertung von Wissen -- 4. Wissenschaftstheoretische Standards und Systemvergleich -- 5. Methodologie des Systemvergleichs -- Literatur -- Hans-Jürgen Wagener, Groningen: Über Sinn und Methode des Vergleichs von Wirtschaftssystemen -- 1. Einleitung -- 2. Die Identifikation des Wirtschaftssystems -- 3. Die Selektion relevanter Aspekte -- 4. Die empirische Bewertung von Theorien -- 5. Die Bewertung der Leistungen -- 6. Schluß: Der Vergleich von Wirtschaftssystemen -- Literatur -- Gerhard Fink, Wien: Zu den Methoden in der quantitativen systemvergleichenden Forschung -- 1. Grundlegende Probleme mit der Statistik -- 1.1 Generelle Probleme und Unterschiede in den Konzepten der statistischen Systeme -- Industrieklassifikation -- Statistische Einheit -- Definition des Output -- Preise -- Außenhandel -- Volkseinkommensrechnung: SNA versus MPS -- 1.2 Systematische Verzerrungen und Lücken in statistischen Systemen -- 1.3 Methoden zur Überprüfung und zur Schließung von Lücken in statistischen Systemen -- 2. Quantitative Vergleiche -- 3. Nachwort -- Literatur -- Jiří Sláma, München: Einige Thesen zur Theoriebildung und Erfahrungen mit der empirischen Erforschung der Wirtschaftssysteme -- 1. Einleitung -- 2. Das Ziel der Theorie der Wirtschaftssysteme -- 2.1 Theoretischer und normativer Teil der Wissenschaft von Wirtschaftssystemen -- 2.2 Zur Rolle wirtschaftlicher und außerwirtschaftlicher Ziele in verschiedenen Systemen -- 2.3 Theorie und Empirie in der Wissenschaft von Wirtschaftssystemen -- 3. Zu den Methoden empirischer Arbeit -- 3.1 Formulierung von Hypothesen -- 3.2 Daten und Informationen. 
505 8 |a 3.3 Empirische Prüfung von Hypothesen zum Verhalten von Wirtschaftseinheiten in verschiedenen Systemen -- Literatur. 
588 |a Description based on publisher supplied metadata and other sources. 
590 |a Electronic reproduction. Ann Arbor, Michigan : ProQuest Ebook Central, 2024. Available via World Wide Web. Access may be limited to ProQuest Ebook Central affiliated libraries.  
655 4 |a Electronic books. 
776 0 8 |i Print version:  |a Schüller, Alfred  |t Theoriebildung und Empirische Forschung Im Systemvergleich  |d Berlin : Duncker & Humblot,c1987  |z 9783428062836 
797 2 |a ProQuest (Firm) 
830 0 |a Schriften des Vereins Für Socialpolitik Series 
856 4 0 |u https://ebookcentral.proquest.com/lib/matrademy/detail.action?docID=7101050  |z Click to View